[Event "Ungdoms-DM U19 2023"]
[Site "Odense"]
[Date "2023.11.03"]
[Round "1.1"]
[White "Meskenas, Paulius"]
[Black "Koch Mueller, Oscar"]
[Result "1-0"]
[WhiteElo "2259"]
[BlackElo "2007"]
[PlyCount "89"]
[EventDate "2023.11.03"]
[EventType "swiss"]
[EventRounds "5"]
[EventCountry "DEN"]
[SourceTitle "Live v. Kasper Jerwiarz"]

1. b3 d5 2. Bb2 a5 3. Nf3 Nf6 4. g3 Bf5 5. Bg2 e6 6. O-O h6 7. d3 Be7 8. c4 O-O
9. Re1 Bh7 10. Nbd2 c5 11. cxd5 Nxd5 12. Rc1 a4 13. bxa4 Qa5 14. Rc4 Nd7 15.
Nb3 Qa7 16. a5 b5 17. Rc1 Rfc8 18. e4 Nb4 19. a3 Nc6 20. d4 Nxa5 21. Nxa5 Qxa5
22. d5 exd5 23. Bh3 Rc7 24. Bxd7 Rxd7 25. Ne5 Rc7 26. exd5 Bd6 27. Nc6 Qa4 28.
Qf3 Bg6 29. Re3 Rcc8 30. Be5 Bxe5 31. Rxe5 Qa6 32. Ne7+ Kh7 33. Nxc8 Rxc8 34.
h4 h5 35. Re3 c4 36. g4 hxg4 37. Qxg4 f5 38. Qg5 Kg8 39. h5 Bf7 40. Rg3 g6 41.
Qxf5 Kg7 42. hxg6 Bxg6 43. Qd7+ Kh8 44. d6 Qa8 45. Rxg6 1-0

[Event "Ungdoms-DM U19 2023"]
[Site "Odense"]
[Date "2023.11.03"]
[Round "1.2"]
[White "Jensen, Bertil Friis"]
[Black "Loftgaard, Mikkel Vinh"]
[Result "0-1"]
[WhiteElo "1986"]
[BlackElo "2211"]
[PlyCount "74"]
[EventDate "2023.11.03"]
[EventType "swiss"]
[EventRounds "5"]
[EventCountry "DEN"]
[SourceTitle "Live v. Kasper Jerwiarz"]

1. e4 c5 2. Nc3 d6 3. d4 cxd4 4. Qxd4 Nc6 5. Qd2 Nf6 6. b3 e6 7. Bb2 d5 8. exd5
exd5 9. O-O-O Be6 10. Nf3 Qa5 11. Nb5 Qxa2 12. Bd3 Rc8 13. Rhe1 Be7 14. Ng5 Na5
15. Nc3 Nxb3+ 16. cxb3 Ba3 17. Nf3 O-O 18. Nd4 Ne4 19. Rxe4 dxe4 20. Bb1 Qxb2+
21. Qxb2 Rxc3+ 22. Bc2 Bxb2+ 23. Kxb2 Rcc8 24. Bxe4 Rfd8 25. Bxb7 Rb8 26. Bf3
Rb6 27. Nxe6 Rxd1 28. Bxd1 fxe6 29. Be2 Kf7 30. Kc3 Kf6 31. Bc4 g5 32. Kd3 h5
33. Ke4 a5 34. Kd4 Rd6+ 35. Ke4 Rd2 36. Ke3 Rc2 37. Be2 Rc3+ 0-1

[Event "Ungdoms-DM U19 2023"]
[Site "Odense"]
[Date "2023.11.03"]
[Round "1.3"]
[White "Jarlskov, Daniel Tuk Hartso"]
[Black "Iskos, Lukas"]
[Result "1/2-1/2"]
[WhiteElo "2089"]
[BlackElo "1984"]
[PlyCount "158"]
[EventDate "2023.11.03"]
[EventType "swiss"]
[EventRounds "5"]
[EventCountry "DEN"]
[SourceTitle "Live v. Kasper Jerwiarz"]

1. d4 Nf6 2. c4 e6 3. Nf3 d5 4. g3 Be7 5. Bg2 O-O 6. O-O dxc4 7. Qc2 a6 8. Qxc4
b5 9. Qc2 Bb7 10. Bd2 Nc6 11. e3 Nb4 12. Bxb4 Bxb4 13. Rc1 Rc8 14. a3 Be7 15.
b4 a5 16. Qb2 axb4 17. axb4 Qd6 18. Nc3 Nd5 19. Ne5 f6 20. Nxd5 Bxd5 21. Bxd5
fxe5 22. Bb3 exd4 23. Qxd4 Rce8 24. Qe4 Kh8 25. Ra7 Qd2 26. Rc2 Qe1+ 27. Kg2
Bxb4 28. Raxc7 Bd2 29. f3 Qe2+ 30. Kh3 Qxe3 31. Qxe3 Bxe3 32. Rb7 Rb8 33. Rcc7
Rxb7 34. Rxb7 g6 35. f4 Re8 36. Rxb5 Bd4 37. Rb4 Bc3 38. Rc4 Bb2 39. Rc2 Bd4
40. Rd2 Bc3 41. Rd3 Bb2 42. Kg4 e5 43. Re3 Kg7 44. h4 Kf6 45. fxe5+ Rxe5 46.
Rf3+ Rf5 47. Rd3 Ke7 48. Ba4 Rf7 49. h5 gxh5+ 50. Kxh5 Kf6 51. g4 Kg7 52. Bc2
Re7 53. Rd6 Be5 54. Rh6 Kg8 55. Ra6 Kg7 56. Bf5 Bd4 57. Rh6 Kg8 58. Rd6 Be5 59.
Rd8+ Kg7 60. Bc2 Bf6 61. Bf5 Be5 62. Ra8 Bd4 63. Ra6 Be5 64. Bc2 Bd4 65. Rh6
Kg8 66. Rd6 Be5 67. Rd8+ Kg7 68. Bb3 h6 69. Rg8+ Kh7 70. Rg6 Bf4 71. Bc2 Kh8
72. Rf6 Bg5 73. Ra6 Kg7 74. Rg6+ Kh8 75. Ra6 Kg7 76. Ra8 Re2 77. Ra7+ Be7 78.
g5 hxg5 79. Kg4 Rxc2 1/2-1/2

[Event "Ungdoms-DM U19 2023"]
[Site "Odense"]
[Date "2023.11.03"]
[Round "1.4"]
[White "Jensen, Anders Marius"]
[Black "Andries, Alf"]
[Result "0-1"]
[WhiteElo "1759"]
[BlackElo "2043"]
[PlyCount "66"]
[EventDate "2023.11.03"]
[EventType "swiss"]
[EventRounds "5"]
[EventCountry "DEN"]
[SourceTitle "Live v. Kasper Jerwiarz"]

1. d4 Nf6 2. c4 e6 3. Nc3 Bb4 4. e3 O-O 5. Bd2 d5 6. c5 b6 7. a3 Bxc3 8. Bxc3
Ne4 9. Rc1 bxc5 10. dxc5 Nxc3 11. Rxc3 e5 12. Nf3 Bg4 13. Be2 Bxf3 14. Bxf3 e4
15. Be2 Qg5 16. g3 Nc6 17. O-O Rfd8 18. Qa4 Qf6 19. f3 d4 20. fxe4 Qh6 21. exd4
Nxd4 22. Bc4 Ne6 23. Rcf3 Rd2 24. R3f2 Rad8 25. Bd5 Rxf2 26. Rxf2 Ng5 27. Rf1
Qh5 28. Qd1 Qg6 29. Qd3 c6 30. Rxf7 cxd5 31. Rxa7 Nh3+ 32. Kf1 Rf8+ 33. Ke1
dxe4 0-1

[Event "Ungdoms-DM U19 2023"]
[Site "Odense"]
[Date "2023.11.03"]
[Round "1.5"]
[White "Nielsen, Phillip"]
[Black "Moe, Anton Helsted"]
[Result "1-0"]
[WhiteElo "2040"]
[BlackElo "1747"]
[PlyCount "119"]
[EventDate "2023.11.03"]
[EventType "swiss"]
[EventRounds "5"]
[EventCountry "DEN"]
[SourceTitle "Live v. Kasper Jerwiarz"]

1. d4 Nf6 2. Bf4 d5 3. e3 c5 4. c3 Nc6 5. Nd2 g6 6. Ngf3 Nh5 7. dxc5 Nxf4 8.
exf4 Bg7 9. Nb3 O-O 10. Be2 Na5 11. O-O Nxb3 12. axb3 Qc7 13. Qxd5 Be6 14. Qe4
Bxb3 15. Ra3 Be6 16. Nd4 Bc8 17. b4 e5 18. fxe5 Bxe5 19. f4 Bg7 20. Nb5 Qb8 21.
Nd6 a6 22. Bc4 b6 23. Nxf7 Ra7 24. Ne5+ Kh8 25. Nc6 Bb7 26. cxb6 Bxc6 27. Qxc6
Rb7 28. Bxa6 Rxb6 29. Qc5 Rf5 30. Qc8+ Rf8 31. Qxb8 Rfxb8 32. Be2 Re6 33. Bg4
Re3 34. Rf3 Re1+ 35. Kf2 Rbe8 36. Rd3 h5 37. Bf3 Rb1 38. Ra8 Rxa8 39. Bxa8 Rb3
40. Bd5 Rxc3 41. Rxc3 Bxc3 42. b5 Bd4+ 43. Kf3 Kg7 44. Ke4 Bc3 45. h3 Kf6 46.
g4 hxg4 47. hxg4 Ba5 48. Bb7 Bc7 49. Bc8 Ke7 50. f5 gxf5+ 51. Kxf5 Kf7 52. g5
Bd8 53. g6+ Kg7 54. Be6 Bb6 55. Bf7 Kf8 56. Ke6 Ba7 57. Kd7 Bd4 58. Kc7 Ke7 59.
b6 Be5+ 60. Kc8 1-0

[Event "Ungdoms-DM U19 2023"]
[Site "Odense"]
[Date "2023.11.04"]
[Round "2.1"]
[White "Andries, Alf"]
[Black "Meskenas, Paulius"]
[Result "0-1"]
[WhiteElo "2043"]
[BlackElo "2259"]
[PlyCount "106"]
[EventDate "2023.11.03"]
[EventType "swiss"]
[EventRounds "5"]
[EventCountry "DEN"]
[SourceTitle "Live v. Kasper Jerwiarz"]

1. e4 e5 2. Nf3 Nc6 3. d4 exd4 4. Nxd4 Bc5 5. Nb3 Bb6 6. Nc3 Nf6 7. Qe2 O-O 8.
Bg5 h6 9. Bh4 Re8 10. O-O-O a5 11. a4 d6 12. f3 Be6 13. Bf2 Bxf2 14. Qxf2 Bxb3
15. cxb3 Nd7 16. h4 Nc5 17. Bc4 Ne5 18. Qd4 Nxc4 19. Qxc4 Ra6 20. Kb1 Rc6 21.
Qd5 Qf6 22. Ka2 Rb6 23. Nb5 c6 24. Qxd6 cxb5 25. Qxc5 bxa4 26. Rd3 axb3+ 27.
Rxb3 Rc6 28. Qb5 Rd8 29. Rd3 Rd4 30. Rxd4 Qxd4 31. Qb3 Rb6 32. Rd1 Qf2 33. Rd2
Qxd2 34. Qxb6 Qxg2 35. Qd8+ Kh7 36. Qxa5 Qxf3 37. Qb4 b5 38. Qd4 Qh3 39. e5 Qf3
40. b3 b4 41. Qd2 Qe4 42. Qh2 h5 43. Kb2 g6 44. Ka2 Kg7 45. Qg3 Qc2+ 46. Ka1
Qc3+ 47. Qxc3 bxc3 48. b4 g5 49. b5 gxh4 50. b6 h3 51. b7 h2 52. b8=Q h1=Q+ 53.
Ka2 Qg2+ 0-1

[Event "Ungdoms-DM U19 2023"]
[Site "Odense"]
[Date "2023.11.04"]
[Round "2.2"]
[White "Loftgaard, Mikkel Vinh"]
[Black "Nielsen, Phillip"]
[Result "1-0"]
[WhiteElo "2211"]
[BlackElo "2040"]
[PlyCount "99"]
[EventDate "2023.11.03"]
[EventType "swiss"]
[EventRounds "5"]
[EventCountry "DEN"]
[SourceTitle "Live v. Kasper Jerwiarz"]

1. e4 c6 2. d4 d5 3. e5 Bf5 4. Nd2 e6 5. Nb3 Nd7 6. Nf3 Ne7 7. Be2 a6 8. O-O
Ng6 9. Ne1 h5 10. f4 c5 11. c3 h4 12. Nc2 c4 13. Nd2 Ne7 14. Ne3 Qb6 15. b3
cxb3 16. Nxb3 Qa7 17. Ba3 Be4 18. Qd2 Nf5 19. Bxf8 Kxf8 20. Nxf5 Bxf5 21. c4
dxc4 22. Bxc4 b5 23. Be2 Be4 24. Rac1 g6 25. Qb4+ Kg7 26. Qe7 Bd5 27. Nc5 Nxc5
28. Qf6+ Kg8 29. Rxc5 Qd7 30. a3 Qd8 31. Rfc1 Qxf6 32. exf6 Kh7 33. Rc7 Rhf8
34. Kf2 Rad8 35. g3 hxg3+ 36. hxg3 g5 37. Bd3+ Kh6 38. Ke3 Kh5 39. Ra7 Bc4 40.
Rh1+ Kg4 41. Be4 Bd5 42. Rh7 Bxe4 43. Kxe4 Kxg3 44. fxg5 Kg4 45. Raxf7 Rxf7 46.
Rxf7 Kxg5 47. Ke5 Rd5+ 48. Kxe6 Rxd4 49. Rg7+ Kh6 50. Rg8 1-0

[Event "Ungdoms-DM U19 2023"]
[Site "Odense"]
[Date "2023.11.04"]
[Round "2.3"]
[White "Koch Mueller, Oscar"]
[Black "Jarlskov, Daniel Tuk Hartso"]
[Result "1/2-1/2"]
[WhiteElo "2007"]
[BlackElo "2089"]
[PlyCount "158"]
[EventDate "2023.11.03"]
[EventType "swiss"]
[EventRounds "5"]
[EventCountry "DEN"]
[SourceTitle "Live v. Kasper Jerwiarz"]

1. d4 d5 2. c4 e6 3. Nc3 c5 4. cxd5 exd5 5. Nf3 Nc6 6. dxc5 d4 7. Na4 Bxc5 8.
Nxc5 Qa5+ 9. Bd2 Qxc5 10. Rc1 Qb6 11. e3 Nf6 12. Qa4 Ne4 13. Nxd4 Nxd2 14. Nxc6
Bd7 15. Bb5 Rc8 16. Kxd2 bxc6 17. Qe4+ Kf8 18. Ba4 Qxb2+ 19. Rc2 Qf6 20. Ke2
Bf5 21. Qb4+ Kg8 22. Rc5 Qg6 23. Bxc6 h5 24. Rhc1 Rh6 25. Bd5 Rxc5 26. Qxc5
Bd3+ 27. Ke1 Qf6 28. Qxa7 Qb2 29. Qxf7+ Kh7 30. Qg8+ Kg6 31. Qe6+ Kh7 32. Qg8+
Kg6 33. Qe6+ Kh7 34. Be4+ Bxe4 35. Qxe4+ Rg6 36. Qc2 Qb4+ 37. Kf1 Qg4 38. f3
Qe6 39. Qe4 Qxa2 40. Rc2 Qa6+ 41. Kf2 Qd6 42. f4 Qf6 43. g3 Qd6 44. Qa8 Qd3 45.
Re2 Qf5 46. Qf3 h4 47. gxh4 Qb1 48. Re1 Qc2+ 49. Qe2 Qe4 50. Rg1 Rc6 51. Rd1
Rg6 52. Rg1 Rc6 53. Rd1 Rc2 54. Rd2 Rxd2 55. Qxd2 Qh1 56. Kg3 Qg1+ 57. Kh3 Qf1+
58. Qg2 Qd3 59. Qf3 Qf5+ 60. Kg3 Qg6+ 61. Qg4 Qe4 62. Qe2 Kh8 63. Qd2 Qg6+ 64.
Kf2 Qf6 65. Kg3 Qg6+ 66. Kf2 Qf6 67. Kf3 Qxh4 68. Ke4 Qe7+ 69. Kd3 Qd7+ 70. Kc2
Qc6+ 71. Kb3 Qb6+ 72. Kc2 Qc6+ 73. Kd3 Qd5+ 74. Kc3 Qc6+ 75. Kb3 Qb6+ 76. Ka4
Qa6+ 77. Qa5 Qc4+ 78. Qb4 Qa6+ 79. Kb3 Qe6+  1/2-1/2

[Event "Ungdoms-DM U19 2023"]
[Site "Odense"]
[Date "2023.11.04"]
[Round "2.4"]
[White "Iskos, Lukas"]
[Black "Jensen, Bertil Friis"]
[Result "1-0"]
[WhiteElo "1984"]
[BlackElo "1986"]
[PlyCount "59"]
[EventDate "2023.11.03"]
[EventType "swiss"]
[EventRounds "5"]
[EventCountry "DEN"]
[SourceTitle "Live v. Kasper Jerwiarz"]

1. d4 Nf6 2. Nf3 g6 3. g3 Bg7 4. Bg2 O-O 5. O-O d6 6. c4 Nc6 7. b3 e5 8. dxe5
Ng4 9. Bb2 Ngxe5 10. Nxe5 Nxe5 11. Qc2 Rb8 12. Nd2 Re8 13. f4 Ng4 14. Bxg7 Kxg7
15. e4 f5 16. h3 Nf6 17. Rfe1 Nxe4 18. Bxe4 fxe4 19. Nxe4 Bf5 20. Qc3+ Kh6 21.
g4 Rxe4 22. g5+ Kh5 23. Rxe4 Bxe4 24. Qg7 Kh4 25. Kh2 Bf3 26. Qxh7+ Bh5 27. Rg1
Qc8 28. Rg4+ Qxg4 29. hxg4 Kxg4 30. Qxc7 1-0

[Event "Ungdoms-DM U19 2023"]
[Site "Odense"]
[Date "2023.11.04"]
[Round "2.5"]
[White "Moe, Anton Helsted"]
[Black "Jensen, Anders Marius"]
[Result "1-0"]
[WhiteElo "1747"]
[BlackElo "1759"]
[PlyCount "38"]
[EventDate "2023.11.03"]
[EventType "swiss"]
[EventRounds "5"]
[EventCountry "DEN"]
[SourceTitle "Live v. Kasper Jerwiarz"]

1. e4 g6 2. d4 d6 3. c3 Nf6 4. Bd3 e5 5. f4 Nbd7 6. Nf3 Qe7 7. O-O Bg7 8. fxe5
dxe5 9. Bg5 O-O 10. Nbd2 h6 11. Bh4 g5 12. Bg3 Nh5 13. Qe1 g4 14. Nh4 exd4 15.
Nf5 Qg5 16. Bh4 dxc3 17. Bxg5 cxb2 18. Rb1 Bc3 19. Nxh6+ Kh7 1-0

[Event "Ungdoms-DM U19 2023"]
[Site "Odense"]
[Date "2023.11.04"]
[Round "3.1"]
[White "Meskenas, Paulius"]
[Black "Loftgaard, Mikkel Vinh"]
[Result "0-1"]
[WhiteElo "2259"]
[BlackElo "2211"]
[PlyCount "48"]
[EventDate "2023.11.03"]
[EventType "swiss"]
[EventRounds "5"]
[EventCountry "DEN"]
[SourceTitle "Live v. Kasper Jerwiarz"]

1. b3 e5 2. Bb2 Nc6 3. e4 Nf6 4. Nc3 d5 5. exd5 Nxd5 6. Nxd5 Qxd5 7. Nf3 Bg4 8.
h3 Qe4+ 9. Be2 Bxf3 10. gxf3 Qh4 11. Bb5 Bc5 12. Qe2 O-O 13. Bxc6 bxc6 14.
O-O-O Rfe8 15. Rh2 a5 16. Rg1 a4 17. Rg4 Qe7 18. Rhg2 g6 19. Re4 axb3 20. Rxe5
Qxe5 21. Qxe5 Rxe5 22. Bxe5 bxa2 23. Ba1 Rb8 24. Bb2 Ba3 0-1

[Event "Ungdoms-DM U19 2023"]
[Site "Odense"]
[Date "2023.11.04"]
[Round "3.2"]
[White "Nielsen, Phillip"]
[Black "Iskos, Lukas"]
[Result "1/2-1/2"]
[WhiteElo "2040"]
[BlackElo "1984"]
[PlyCount "162"]
[EventDate "2023.11.03"]
[EventType "swiss"]
[EventRounds "5"]
[EventCountry "DEN"]
[SourceTitle "Live v. Kasper Jerwiarz"]

1. d4 Nf6 2. Bf4 e6 3. e3 d5 4. Nd2 Bd6 5. Ngf3 Bxf4 6. exf4 O-O 7. c3 c5 8.
Bd3 Nc6 9. dxc5 Qc7 10. O-O Qxf4 11. Be2 a5 12. a4 Rd8 13. Nb3 e5 14. Qc1 Qxc1
15. Raxc1 Be6 16. Ng5 Bf5 17. Nf3 Be6 18. Ng5 Bf5 19. Nf3 h6 20. Bb5 e4 21.
Nfd4 Bd7 22. Rfd1 Ne5 23. Rb1 Rdc8 24. Bxd7 Nexd7 25. Nf5 Kf8 26. Nd6 Rc7 27.
Nb5 Rcc8 28. Nd6 Rc7 29. Nb5 Rc6 30. N5d4 Rcc8 31. Nf5 Nxc5 32. Nxc5 Rxc5 33.
Rd4 b5 34. Ne3 Rb8 35. Kf1 bxa4 36. Rxa4 Rxc3 37. Rxa5 d4 38. Nf5 d3 39. b4 g6
40. Ne3 Rxb4 41. Rd1 Rcb3 42. Ra6 Ke7 43. f3 Rb1 44. fxe4 Rxd1+ 45. Nxd1 Nxe4
46. Ra3 d2 47. Ke2 f5 48. Rh3 h5 49. Ra3 Rb6 50. Ra7+ Kf6 51. Ra5 Re6 52. Kd3
Rd6+ 53. Ke2 g5 54. Ra8 h4 55. Ra5 g4 56. Ra3 Kg5 57. Ra5 Kf4 58. Ra4 Ke5 59.
Ra5+ Rd5 60. Ra8 Kd4 61. Ra4+ Ke5 62. Ra8 Kd4 63. Ra4+ Kc5 64. Ra8 Kb4 65. Rb8+
Rb5 66. Rc8 Kb3 67. Rc7 Re5 68. Kd3 Rd5+ 69. Ke2 f4 70. Rc8 Rc5 71. Rxc5 Nxc5
72. Kxd2 Ne4+ 73. Kd3 Ng5 74. Ke2 Kc4 75. Nf2 g3 76. hxg3 fxg3 77. Nd3 Ne6 78.
Ne5+ Kd5 79. Ng6 Nd4+ 80. Ke3 Nf5+ 81. Kf3 Ke6 1/2-1/2

[Event "Ungdoms-DM U19 2023"]
[Site "Odense"]
[Date "2023.11.04"]
[Round "3.3"]
[White "Jarlskov, Daniel Tuk Hartso"]
[Black "Andries, Alf"]
[Result "1/2-1/2"]
[WhiteElo "2089"]
[BlackElo "2043"]
[PlyCount "34"]
[EventDate "2023.11.03"]
[EventType "swiss"]
[EventRounds "5"]
[EventCountry "DEN"]
[SourceTitle "Live v. Kasper Jerwiarz"]

1. c4 c5 2. g3 Nc6 3. Bg2 g6 4. Nc3 Bg7 5. e3 e5 6. Nge2 Nge7 7. O-O O-O 8. d3
d6 9. a3 a5 10. Rb1 Rb8 11. Bd2 Be6 12. Nd5 b5 13. Nxe7+ Nxe7 14. cxb5 Rxb5 15.
Qa4 Qb6 16. b4 axb4 17. axb4 Rb8 1/2-1/2

[Event "Ungdoms-DM U19 2023"]
[Site "Odense"]
[Date "2023.11.04"]
[Round "3.4"]
[White "Koch Mueller, Oscar"]
[Black "Moe, Anton Helsted"]
[Result "1/2-1/2"]
[WhiteElo "2007"]
[BlackElo "1747"]
[PlyCount "108"]
[EventDate "2023.11.03"]
[EventType "swiss"]
[EventRounds "5"]
[EventCountry "DEN"]
[SourceTitle "Live v. Kasper Jerwiarz"]

1. d4 Nf6 2. c4 g6 3. Nc3 d5 4. cxd5 Nxd5 5. Na4 c6 6. e4 Nb6 7. Be3 Bg7 8. Nf3
O-O 9. h3 N8d7 10. Nc3 e5 11. Be2 exd4 12. Bxd4 Nf6 13. O-O Re8 14. Qc2 Be6 15.
Rad1 Qe7 16. Rfe1 h6 17. Bf1 Rad8 18. a4 Qb4 19. Bxf6 Bxf6 20. Rxd8 Rxd8 21. e5
Bb3 22. Qe4 Qxe4 23. Rxe4 Be7 24. a5 Nd5 25. Rd4 Nxc3 26. bxc3 a6 27. Nd2 Rxd4
28. cxd4 Be6 29. Bc4 Bxc4 30. Nxc4 Bb4 31. Kf1 Bc3 32. Nd6 Bxa5 33. Ke2 b5 34.
Nc8 c5 35. dxc5 Kf8 36. Kd3 Bc7 37. f4 f6 38. exf6 Kf7 39. Ne7 Bxf4 40. c6 Bd6
41. Nd5 Ke6 42. f7 a5 43. c7 Kd7 44. Nf6+ Kc8 45. Nh7 Kxc7 46. f8=Q Bxf8 47.
Nxf8 g5 48. Ne6+ Kd6 49. Nd8 Kc5 50. Kc3 b4+ 51. Kb3 Kb5 52. Nf7 a4+ 53. Kb2
Kc4 54. Ne5+ Kd4 1/2-1/2

[Event "Ungdoms-DM U19 2023"]
[Site "Odense"]
[Date "2023.11.04"]
[Round "3.5"]
[White "Jensen, Bertil Friis"]
[Black "Jensen, Anders Marius"]
[Result "1/2-1/2"]
[WhiteElo "1986"]
[BlackElo "1759"]
[PlyCount "86"]
[EventDate "2023.11.03"]
[EventType "swiss"]
[EventRounds "5"]
[EventCountry "DEN"]
[SourceTitle "Live v. Kasper Jerwiarz"]

1. e4 g6 2. d4 d6 3. Nc3 c6 4. Be3 Bg7 5. Qd2 b5 6. Bd3 Nd7 7. O-O-O Nb6 8. f4
b4 9. Nce2 a5 10. Nf3 Qc7 11. Rhe1 Nf6 12. f5 Ng4 13. Nf4 O-O 14. h4 c5 15.
fxg6 hxg6 16. dxc5 dxc5 17. e5 Nxe5 18. Kb1 Nec4 19. Qf2 Nxb2 20. h5 N6a4 21.
Nd5 Nxd1 22. Rxd1 Nc3+ 23. Nxc3 bxc3 24. Bc1 Qb6+ 25. Ka1 Qb4 26. a3 Qb6 27. a4
Qb4 28. Qh4 Rb8 29. Bb5 Qxh4 30. Nxh4 Bg4 31. Re1 Bf6 32. Nf3 Bxh5 33. Ne5 Bxe5
34. Rxe5 e6 35. Rxc5 Rfd8 36. Rxc3 Rd1 37. Kb2 Be2 38. Bf4 Rb7 39. Be5 f6 40.
Bxf6 Bxb5 41. axb5 Rxb5+ 42. Ka2 Rbb1 43. Rc5 Rb4 1/2-1/2

[Event "Ungdoms-DM U19 2023"]
[Site "Odense"]
[Date "2023.11.05"]
[Round "4.1"]
[White "Loftgaard, Mikkel Vinh"]
[Black "Iskos, Lukas"]
[Result "1-0"]
[WhiteElo "2211"]
[BlackElo "1984"]
[PlyCount "107"]
[EventDate "2023.11.03"]
[EventType "swiss"]
[EventRounds "5"]
[EventCountry "DEN"]
[SourceTitle "Live v. Kasper Jerwiarz"]

1. e4 c5 2. Nf3 Nc6 3. c3 d5 4. exd5 Qxd5 5. d4 Bf5 6. Be2 cxd4 7. cxd4 Bxb1 8.
Rxb1 e6 9. O-O Nf6 10. b4 Bd6 11. b5 Ne7 12. Ne5 Bxe5 13. dxe5 Qxe5 14. Bb2 Qf5
15. Ba3 Nfd5 16. Bf3 Nc3 17. Qd6 O-O 18. Rb3 Ned5 19. Qg3 Rfc8 20. Bb2 f6 21.
Bg4 h5 22. Bxf5 Ne2+ 23. Kh1 Nxg3+ 24. fxg3 exf5 25. Rxf5 Rd8 26. h3 g6 27. Rf1
Kf7 28. Rd3 Rd6 29. Be5 Rdd8 30. Bb2 Rd6 31. Be5 Rdd8 32. Kg1 Rac8 33. Bb2 Rd6
34. Bxf6 Rxf6 35. Rxd5 Rxf1+ 36. Kxf1 Ke6 37. Rd2 Rc3 38. Re2+ Kd6 39. Rd2+ Kc5
40. Rd7 Kxb5 41. Rxb7+ Ka6 42. Re7 Rxg3 43. Kf2 Rg5 44. Kf3 Kb6 45. h4 Rg4 46.
Re4 g5 47. Rxg4 hxg4+ 48. Kxg4 gxh4 49. Kxh4 Kc5 50. g4 Kd6 51. Kh5 Ke7 52. Kh6
Kf7 53. g5 Kg8 54. Kg6 1-0

[Event "Ungdoms-DM U19 2023"]
[Site "Odense"]
[Date "2023.11.05"]
[Round "4.2"]
[White "Moe, Anton Helsted"]
[Black "Meskenas, Paulius"]
[Result "0-1"]
[WhiteElo "1747"]
[BlackElo "2259"]
[PlyCount "80"]
[EventDate "2023.11.03"]
[EventType "swiss"]
[EventRounds "5"]
[EventCountry "DEN"]
[SourceTitle "Live v. Kasper Jerwiarz"]

1. e4 e5 2. Nf3 Nc6 3. d4 exd4 4. Bc4 d6 5. Nxd4 Ne5 6. Be2 Nf6 7. Nc3 a6 8. a4
g6 9. Bg5 c6 10. f4 Ned7 11. O-O h6 12. Bh4 Bg7 13. Ne6 fxe6 14. Qxd6 Bf8 15.
Qxe6+ Qe7 16. Qa2 g5 17. fxg5 hxg5 18. e5 Qxe5 19. Rae1 Bc5+ 20. Kh1 Kd8 21.
Bh5 Qd6 22. Rxf6 Nxf6 23. Rd1 Rxh5 24. Rxd6+ Bxd6 25. Qf7 Rxh4 26. Qxf6+ Be7
27. Qg7 Rf4 28. g3 Rf8 29. Qe5 Bh3 30. Ne2 Rf1+ 31. Ng1 Bf6 32. Qd6+ Ke8 33.
Qd3 Rd8 34. Qg6+ Kf8 35. Qh6+ Kg8 36. Qxh3 Rdd1 37. Qe6+ Kg7 38. Kg2 Rxg1+ 39.
Kh3 Rd4 40. g4 Rdxg4 0-1

[Event "Ungdoms-DM U19 2023"]
[Site "Odense"]
[Date "2023.11.05"]
[Round "4.3"]
[White "Nielsen, Phillip"]
[Black "Jarlskov, Daniel Tuk Hartso"]
[Result "1/2-1/2"]
[WhiteElo "2040"]
[BlackElo "2089"]
[PlyCount "183"]
[EventDate "2023.11.03"]
[EventType "swiss"]
[EventRounds "5"]
[EventCountry "DEN"]
[SourceTitle "Live v. Kasper Jerwiarz"]

1. d4 d5 2. Bf4 Nf6 3. e3 e6 4. Nd2 Bd6 5. Bg3 O-O 6. Bd3 c5 7. c3 Qc7 8. dxc5
Qxc5 9. Ngf3 Rd8 10. Qe2 Nbd7 11. Bxd6 Qxd6 12. e4 dxe4 13. Nxe4 Nxe4 14. Bxe4
Nc5 15. Bc2 Nd3+ 16. Bxd3 Qxd3 17. Qxd3 Rxd3 18. Ke2 Rd7 19. Rhd1 Kf8 20. Ne5
Rxd1 21. Rxd1 Ke7 22. Ke3 f6 23. Nf3 Bd7 24. g3 Rc8 25. Nd4 e5 26. Nc2 h5 27.
f4 Bf5 28. Rd2 exf4+ 29. Kxf4 Bxc2 30. Rxc2 Rc4+ 31. Kf3 g5 32. Re2+ Kf7 33.
Rd2 Rc7 34. Kf2 Ke6 35. Rd4 Ke5 36. Ke3 Kf5 37. Kf3 Re7 38. Rd5+ Ke6 39. Rd4
Rh7 40. h4 Ke5 41. Kf2 Rc7 42. Kf3 Kf5 43. Rd5+ Kg6 44. Rd4 Re7 45. Kf2 Re5 46.
hxg5 fxg5 47. Kf3 Kf5 48. Rd1 Ra5 49. a3 h4 50. gxh4 gxh4 51. Rd4 Kg5 52. Rg4+
Kh5 53. Rg7 b6 54. Rh7+ Kg5 55. Rg7+ Kh6 56. Rd7 Ra4 57. Kg2 Kg5 58. Kh3 Kf5
59. Rh7 Ke5 60. Rh5+ Kd6 61. Rh7 Kc5 62. Rc7+ Kd6 63. Rh7 a6 64. Kg2 Rf4 65.
Rh5 Kc6 66. b3 a5 67. a4 Rg4+ 68. Kf2 Rg3 69. Rxh4 Rxc3 70. b4 axb4 71. Rxb4
Kc5 72. Rb5+ Kc6 73. Rb4 Ra3 74. Ke2 Kb7 75. Kd2 Ka6 76. Kc2 Ka5 77. Rh4 Rxa4
78. Rh5+ b5 79. Kb3 Rb4+ 80. Ka3 Rg4 81. Rh3 Rg5 82. Kb3 Rf5 83. Rg3 Rh5 84.
Rf3 Rh4 85. Rg3 Rh2 86. Rf3 Rh1 87. Rg3 Rb1+ 88. Ka2 Rb4 89. Ka3 Ra4+ 90. Kb3
Rb4+ 91. Ka3 Ra4+ 92. Kb3 1/2-1/2

[Event "Ungdoms-DM U19 2023"]
[Site "Odense"]
[Date "2023.11.05"]
[Round "4.4"]
[White "Andries, Alf"]
[Black "Jensen, Bertil Friis"]
[Result "0-1"]
[WhiteElo "2043"]
[BlackElo "1986"]
[PlyCount "72"]
[EventDate "2023.11.03"]
[EventType "swiss"]
[EventRounds "5"]
[EventCountry "DEN"]
[SourceTitle "Live v. Kasper Jerwiarz"]

1. e4 c5 2. Nf3 Nc6 3. Bc4 e6 4. O-O d5 5. Bb5 Nf6 6. e5 Nd7 7. Bxc6 bxc6 8. d3
Be7 9. Qe2 O-O 10. c4 a5 11. g3 Re8 12. h4 f6 13. Bf4 fxe5 14. Nxe5 Nxe5 15.
Bxe5 Rf8 16. Nc3 Bd6 17. Na4 Rf5 18. Bxd6 Qxd6 19. Rae1 Bd7 20. Qe3 d4 21. Qe4
Raf8 22. f4 R8f6 23. b3 h6 24. Rf2 g5 25. hxg5 hxg5 26. Ref1 Be8 27. fxg5 Rxg5
28. Rg2 Rxf1+ 29. Kxf1 Bg6 30. Qe2 Bf5 31. Qd2 Rg6 32. Kf2 Bh3 33. Rg1 Qe5 34.
Qe2 Qg5 35. Qe1 Rf6+ 36. Ke2 Bg4# 0-1

[Event "Ungdoms-DM U19 2023"]
[Site "Odense"]
[Date "2023.11.05"]
[Round "4.5"]
[White "Jensen, Anders Marius"]
[Black "Koch Mueller, Oscar"]
[Result "0-1"]
[WhiteElo "1759"]
[BlackElo "2007"]
[PlyCount "58"]
[EventDate "2023.11.03"]
[EventType "swiss"]
[EventRounds "5"]
[EventCountry "DEN"]
[SourceTitle "Live v. Kasper Jerwiarz"]

1. d4 Nf6 2. c4 e6 3. Nc3 Bb4 4. e3 O-O 5. Bd2 d5 6. Nf3 b6 7. cxd5 exd5 8. Rc1
Re8 9. Bd3 Bb7 10. O-O a6 11. Re1 Nbd7 12. a3 Bd6 13. b4 Ne4 14. h3 Ndf6 15.
Ne5 Bxe5 16. dxe5 Rxe5 17. Nxe4 Nxe4 18. Bc3 Nxc3 19. Rxc3 Rg5 20. f4 Rxg2+ 21.
Kxg2 d4+ 22. Kh2 dxc3 23. Qc2 Qh4 24. Rg1 g6 25. f5 Rd8 26. Rg3 Be4 27. fxg6
hxg6 28. Qb3 Rxd3 29. Rg4 Qf2+ 0-1

[Event "Ungdoms-DM U19 2023"]
[Site "Odense"]
[Date "2023.11.05"]
[Round "5.1"]
[White "Jarlskov, Daniel Tuk Hartso"]
[Black "Loftgaard, Mikkel Vinh"]
[Result "0-1"]
[WhiteElo "2089"]
[BlackElo "2211"]
[PlyCount "62"]
[EventDate "2023.11.03"]
[EventType "swiss"]
[EventRounds "5"]
[EventCountry "DEN"]
[SourceTitle "Live v. Kasper Jerwiarz"]

1. d4 Nf6 2. c4 e6 3. Nf3 d5 4. g3 Bb4+ 5. Bd2 Be7 6. Bg2 O-O 7. O-O Ne4 8. Nc3
f5 9. Ne5 c6 10. Nxe4 fxe4 11. f3 exf3 12. Bxf3 Nd7 13. Nxd7 Bxd7 14. e4 dxc4
15. Qc2 b5 16. Be3 Bg5 17. Qd2 Bxe3+ 18. Qxe3 e5 19. dxe5 Qb6 20. Qxb6 axb6 21.
a3 Bh3 22. Bg2 Rxf1+ 23. Rxf1 Bxg2 24. Kxg2 Re8 25. Rf5 Rf8 26. g4 c5 27. Kf3
b4 28. Ke3 Rxf5 29. exf5 c3 30. Kd3 cxb2 31. Kc2 bxa3 0-1

[Event "Ungdoms-DM U19 2023"]
[Site "Odense"]
[Date "2023.11.05"]
[Round "5.2"]
[White "Meskenas, Paulius"]
[Black "Nielsen, Phillip"]
[Result "1/2-1/2"]
[WhiteElo "2259"]
[BlackElo "2040"]
[PlyCount "39"]
[EventDate "2023.11.03"]
[EventType "swiss"]
[EventRounds "5"]
[EventCountry "DEN"]
[SourceTitle "Live v. Kasper Jerwiarz"]

1. b3 d5 2. Bb2 Nf6 3. Nf3 c5 4. g3 Nc6 5. d4 e6 6. Bg2 Be7 7. O-O O-O 8. Nbd2
cxd4 9. Nxd4 Bd7 10. c4 Nxd4 11. Bxd4 Bc6 12. Rc1 Rc8 13. Bb2 dxc4 14. Bxc6
Rxc6 15. Nxc4 h6 16. Qd4 Qxd4 17. Bxd4 Rfc8 18. Rcd1 b5 19. Ne3 a6 20. f3
1/2-1/2